| 000 | 00828nam a22002057a 4500 | ||
|---|---|---|---|
| 999 |
_c15738 _d15738 |
||
| 003 | AR-CdUCM | ||
| 008 | 190429b ||||| |||| 00| 0 spa d | ||
| 040 |
_aMUNICIPALIDAD PROVINCIAL DEL CUSCO _cBIBLIOTECA MUNICIPAL DEL CUSCO |
||
| 082 |
_a629.25 / _bP66 / 1968 |
||
| 110 |
_aUniversidad nacional Federico Villarreal _934930 |
||
| 245 | _aLas plantas de ensamblaje de vehículos automotores y sus efectos en la economía nacional / | ||
| 260 |
_aLima : _bInstituto de investigación económicas y sociales, _c1968. |
||
| 300 |
_a107 páginas ; _c21 cm. |
||
| 505 | _aContenido : Las plantas de ensamblaje de vehículos automotores y sus efectos en la economía nacional ... | ||
| 650 |
_aEnsamblaje _934931 |
||
| 650 |
_aMecánica _918682 |
||
| 650 |
_aAutomotriz _934932 |
||
| 942 |
_2ddc _cLIBROS |
||
| 945 |
_arah _d29/04/2019 |
||